| 000 | 00000nam##2200000za#4500 |
| 001 | 9.668360 |
| 003 | CaOODSP |
| 005 | 20210615124120 |
| 007 | ta |
| 008 | 150407|2007||||xxc||||| f|0| 0 iku|d |
| 020 | |a978-0-662-02920-5 |
| 040 | |aCaOODSP|bfre |
| 041 | 7|aiku |
| 043 | |an-cn--- |
| 086 | 1 |aH34-166/1-2007S |
| 110 | 1 |aCanada. |bSanté Canada. |
| 245 | 10|aGrossesse en santé |
| 260 | |aOttawa - Ontario : |bSanté Canada |c[2007]. |
| 300 | |a[10]p. : |bphotographies ; |c16 cm. |
| 546 | |aTexte en inuktitut. |
| 563 | |aDépliant |
| 590 | |a09-09|b2009-02-27 |
| 691 | 07|aGrossesse|2gcpds |
| 775 | 08|tHealthy pregnancy |w(CaOODSP)9.650544 |
| 776 | 0#|t[Healthy pregnancy] |w(CaOODSP)9.674547 |
| 791 | |tHealthy pregnancy |eeng|w(CaOODSP)9.668359 |
| 986 | |a3432 |